00315nam a2200121Ia 45000030006000000080041000060400015000471000018000622450075000802600009001555460012001640050017001760STCL150530s9999 xx 000 0 und d aSTCLcSTCL aNamias Victor aStudy guide in physics vol II fluid mechanics waves and thermodynamics c1974 aEnglish20220125170107.0